| 000 | 00871nam a22002057a 4500 | ||
|---|---|---|---|
| 999 |
_c371548 _d371548 |
||
| 008 | 201127b ||||| |||| 00| 0 eng d | ||
| 040 |
_aDE-2950 _bger _cDE-2950 _erda |
||
| 041 | _ager | ||
| 245 |
_aDer verhinderte Jungfernflug. _bStadtgeschichte: Einen Aprilscherz, der nicht ohne Folgen blieb - um sich dann ein Jahr später doch als wahr zu erweisen - veröffentlichte die Frankfurter Oder-Zeitung am 1. April 1928 / _cRalf-Rüdiger Targiel |
||
| 264 | _c2022 | ||
| 653 | _aFrankfurt (Oder) | ||
| 653 | _aLuftverkehr | ||
| 653 | _aFluglinie Stettin - Frankfurt (Oder) - Cottbus - Dresden | ||
| 653 | _aEröffnung 1929 | ||
| 773 |
_dFrankfurt (Oder) Märkisches Verlags- und Druckhaus GmbH & Co KG _tMärkische Oderzeitung _g33. Jahrgang (2022) Nr. 77 vom 01.04.2022, S. 16 |
||
| 942 | _cA | ||